LEADER 00780nam0-22002411i-450 001 990004085530403321 005 20260303111423.0 035 $aFED01000408553 100 $a19990604d1983----km-y0itay50------ba 101 0 $aeng 105 $a 001yy 200 1 $a<>study of the elaboration and conventions in selected Odes of Bacchylides$fJames Kenneth Finn 210 $aAnn Arbor (Michigan)$cUMI$d1983 215 $a310 p.$d20 cm 676 $a881.01 700 1$aFinn,$bJames Kenneth$0158090 801 0$aIT$bUNINA$gRICA$2UNIMARC 901 $aBK 912 $a990004085530403321 952 $aP2B 610 BACCHYL/S 02$bIst.Fil.cl. 10067$fFLFBC 959 $aFLFBC 996 $aStudy of the elaboration and conventions in selected Odes of Bacchylides$9479614 997 $aUNINA